Logo BPK

Biblioteka

Politechniki Koszalińskiej

Reading Between the Lines : (Rekord nr 48104)

Szczegóły MARC
000 -ETYKIETA REKORDU
podpole kontrolne o stałej długości 00771nam a2200241 i 4500
001 - NUMER KONTROLNY REKORDU
pole kontrolne bgj
020 ## - MIĘDZYNARODOWY ZNORMALIZOWANY NUMER KSIĄŻKI - ISBN
ISBN 0521277906 (pbk)
040 ## - ŹRÓDŁO KATALOGOWANIA
Instytucja, która utworzyła rekord BPK
041 0# - KOD JĘZYKA
Kod języka tekstu eng
920 ## - Międzynarodowy znormalizowany numer książki – ISBN
ISBN 0-521-27790-6 (pbk)
008 - POLE O STAŁEJ DŁUGOŚCI - DANE KONTROLNE
podpole kontrolne o stałej długości s uk f |000 0 eng
100 1# - NAZWA OSOBOWA
Nazwa osobowa MCRAE, John
245 10 - TYTUŁ/ODPOWIEDZIALNOŚĆ
Tytuł Reading Between the Lines :
Ciąg dalszy tytułu integrated language and literature activities : teacher's book /
Pozostałe elementy strefy tytułu i oznaczenia odpowiedzialności John McRae and Roy Boardman.
250 ## - STREFA WYDANIA
Oznaczenie wydania [4th printing].
260 ## - STREFA ADRESU WYDAWNICZEGO
Miejsce wydania Cambridge :
Nazwa wydawcy/dystrybutora Cambridge University Press,
Data publikacji, dystrybucji/powstania dokumentu 1993.
300 ## - STREFA OPISU FIZYCZNEGO
Objętość VI, 87 pp ;
Rozmiary 23 cm.
500 ## - UWAGI OGÓLNE
Tekst uwagi 1st published in 1984.
650 #9 - HASŁO PRZEDMIOTOWE W FORMIE NAZWY OGÓLNEJ LUB JEDNOSTKOWEJ
Nazwa ogólna lub geograficzna English language
Określnik ogólny Textbooks for foreigners
650 #9 - HASŁO PRZEDMIOTOWE W FORMIE NAZWY OGÓLNEJ LUB JEDNOSTKOWEJ
Nazwa ogólna lub geograficzna Literature activities
650 #9 - HASŁO PRZEDMIOTOWE W FORMIE NAZWY OGÓLNEJ LUB JEDNOSTKOWEJ
Nazwa ogólna lub geograficzna Languages and literature
700 1# - HASŁO DODATKOWE - NAZWA OSOBOWA
Nazwa osobowa BOARDMAN, Roy.
Określenie związku między hasłem a opisywanym materiałem co-author
942 ## - DODATKOWE ELEMENTY (KOHA)
Typ dokumentu Książka
Egzemplarze
Wycofany Status egzemplarza Uszkodzony Dostępność Lokalizacja stała Lokalizacja bieżąca Miejsce przechowywania Sygnatura Kod kreskowy Typ dokumentu
      Tylko na miejscu Biblioteka Politechniki Koszalińskiej Biblioteka Politechniki Koszalińskiej Czytelnia Wydziałowa ul. Kwiatkowskiego 6e KA 5148 09009639 Książka
© 2023 Biblioteka Politechniki Koszalińskiej :: KOHA